000 00396nam a2200121Ia 4500
008 220204s9999 xx 000 0 und d
082 _a330.34
_bNIG
100 _aJoshi, N D
245 0 _aCorporate divident trends during the period industrial growth and planned economic development in India (1947-57)
260 _aNew Delhi
_bMinistry of Commerce
_c1962
700 _aNigam, Raj K
942 _cBK
999 _c20045
_d20045